<?xml version="1.0" encoding="UTF-8"?>
<collection xmlns="http://www.loc.gov/MARC21/slim">
<record>
  <controlfield tag="001">99349</controlfield>
  <controlfield tag="005">20230914083325.0</controlfield>
  <datafield tag="024" ind1="7" ind2=" ">
    <subfield code="2">doi</subfield>
    <subfield code="a">10.2147/OPTO.S212510</subfield>
  </datafield>
  <datafield tag="024" ind1="8" ind2=" ">
    <subfield code="2">sideral</subfield>
    <subfield code="a">122885</subfield>
  </datafield>
  <datafield tag="037" ind1=" " ind2=" ">
    <subfield code="a">ART-2019-122885</subfield>
  </datafield>
  <datafield tag="041" ind1=" " ind2=" ">
    <subfield code="a">eng</subfield>
  </datafield>
  <datafield tag="100" ind1=" " ind2=" ">
    <subfield code="a">Remón, L.</subfield>
    <subfield code="u">Universidad de Zaragoza</subfield>
    <subfield code="0">(orcid)0000-0002-3979-4528</subfield>
  </datafield>
  <datafield tag="245" ind1=" " ind2=" ">
    <subfield code="a">Effect of cylinder power and axis changes on vision in astigmatic participants: A comment [letter]</subfield>
  </datafield>
  <datafield tag="260" ind1=" " ind2=" ">
    <subfield code="c">2019</subfield>
  </datafield>
  <datafield tag="506" ind1="0" ind2=" ">
    <subfield code="a">Access copy available to the general public</subfield>
    <subfield code="f">Unrestricted</subfield>
  </datafield>
  <datafield tag="520" ind1="3" ind2=" ">
    <subfield code="a">Dear editor
We read with interest the article by Sha et al1 in the March 2019 issue. This study evaluated the effects of misalignment axis and undercorrecting cylinder powers on the visual performance of astigmatic people. The aim of this work was mainly to assist eye-care practitioners in reducing the number of toric contact lenses stock-keeping units. The authors analyze the effect of astigmatic undercorrection by 0.25, 0.50 and 0.75 DC, at different amounts of misalignments up to 30°. In this analysis, the effects of cylinder power, cylinder axis and their mutual interaction are analyzed separately. However, it is well known that cylinder power and axis are not independent variables; in fact, astigmatism is a vector magnitude. Several studies2, 4 use vector formalism to quantify the blur strength produced by astigmatism. Even in previous literature, 1 the authors show the power vector components (M, J0, J45) in Table 1, for the different groups in which the sample is divided. ...</subfield>
  </datafield>
  <datafield tag="540" ind1=" " ind2=" ">
    <subfield code="9">info:eu-repo/semantics/openAccess</subfield>
    <subfield code="a">by-nc</subfield>
    <subfield code="u">http://creativecommons.org/licenses/by-nc/3.0/es/</subfield>
  </datafield>
  <datafield tag="592" ind1=" " ind2=" ">
    <subfield code="a">0.285</subfield>
    <subfield code="b">2019</subfield>
  </datafield>
  <datafield tag="593" ind1=" " ind2=" ">
    <subfield code="a">Ophthalmology</subfield>
    <subfield code="c">2019</subfield>
    <subfield code="d">Q3</subfield>
  </datafield>
  <datafield tag="593" ind1=" " ind2=" ">
    <subfield code="a">Sensory Systems</subfield>
    <subfield code="c">2019</subfield>
    <subfield code="d">Q4</subfield>
  </datafield>
  <datafield tag="655" ind1=" " ind2="4">
    <subfield code="a">info:eu-repo/semantics/other</subfield>
    <subfield code="v">info:eu-repo/semantics/publishedVersion</subfield>
  </datafield>
  <datafield tag="700" ind1=" " ind2=" ">
    <subfield code="a">Furlan, W.D.</subfield>
  </datafield>
  <datafield tag="710" ind1="2" ind2=" ">
    <subfield code="1">2002</subfield>
    <subfield code="2">647</subfield>
    <subfield code="a">Universidad de Zaragoza</subfield>
    <subfield code="b">Dpto. Física Aplicada</subfield>
    <subfield code="c">Área Óptica</subfield>
  </datafield>
  <datafield tag="773" ind1=" " ind2=" ">
    <subfield code="g">11 (2019), 63-64</subfield>
    <subfield code="t">Clinical Optometry</subfield>
    <subfield code="x">1179-2752</subfield>
  </datafield>
  <datafield tag="856" ind1="4" ind2=" ">
    <subfield code="s">183742</subfield>
    <subfield code="u">http://zaguan.unizar.es/record/99349/files/texto_completo.pdf</subfield>
    <subfield code="y">Versión publicada</subfield>
  </datafield>
  <datafield tag="856" ind1="4" ind2=" ">
    <subfield code="s">2147196</subfield>
    <subfield code="u">http://zaguan.unizar.es/record/99349/files/texto_completo.jpg?subformat=icon</subfield>
    <subfield code="x">icon</subfield>
    <subfield code="y">Versión publicada</subfield>
  </datafield>
  <datafield tag="909" ind1="C" ind2="O">
    <subfield code="o">oai:zaguan.unizar.es:99349</subfield>
    <subfield code="p">articulos</subfield>
    <subfield code="p">driver</subfield>
  </datafield>
  <datafield tag="951" ind1=" " ind2=" ">
    <subfield code="a">2023-09-13-11:08:25</subfield>
  </datafield>
  <datafield tag="980" ind1=" " ind2=" ">
    <subfield code="a">ARTICLE</subfield>
  </datafield>
</record>
</collection>